Countries with Increased GDP and Decreased Carbon Emissions - Statistics

General Stats
  • This quiz has been taken 693 times
  • The average score is 16 of 21
Answer Stats
GDP % Country CO2 % % Correct
27 United Kingdom -20
95%
28 United States -6
93%
16 France -19
92%
16 Germany -12
92%
20 Spain -14
90%
31 Sweden -8
90%
18 Finland -18
86%
8 Denmark -30
85%
16 Netherlands -8
85%
21 Belgium -12
83%
28 Switzerland -10
83%
1 Portugal -23
81%
21 Austria -3
80%
47 Ireland -16
79%
40 Czech Republic -14
71%
75 Slovakia -22
69%
28 Hungary -24
66%
65 Romania -22
66%
62 Bulgaria -5
61%
49 Ukraine -29
59%
28 Uzbekistan -2
7%
No matching quizzes found
Score Distribution
Percent of People with Each Score
Percentile by Number Answered
Your Score History
You have not taken this quiz